Statistics for Slam Dunk Characters

Click here to take the quiz!

General Stats

  • This quiz has been taken 4 times
  • The average score is 12 of 30

Answer Stats

HintAnswer% Correct
Member of Shohoku
3rd Year in High School
Former delinquent
Junior High MVP
Shooting Guard
Mitsui Hisashi
100%
Member of Shohoku
2nd Year in High School
Point Guard
Miyagi Ryota
100%
Main Character
Member of Shohoku
Power Forward
Genius Rebounder
Former delinquent
Sakuragi Hanamichi
100%
Member of Ryonan
Genius Ace
Small Forward
Sendo Akira
100%
Captain's sister
"2nd Manager"
Akagi Haruko
67%
Coach of ShohokuAnzai Mitsuyoshi
67%
Coach and Captain of Shoyo
Point Guard
Fujima Kenji
67%
Member of Shoyo
Center
Hanagata Toru
67%
Member of Kainan
Shooting Guard
Jin Soichiro
67%
Member of Kainan
"Wild Monkey"
Small Forward
Kiyota Nobunaga
67%
Captain of Kainan
Point Guard
Maki Shinichi
67%
Former's rival
Member of Shohoku
Rookie ace
Small Forward
Rukawa Kaede
67%
Captain of Shohoku
3rd Year in High School
"Gorilla"
Center
Akagi Takenori
33%
Manager of ShohokuAyako
33%
Member of Ryonan
Power Forward
Fukuda Kicchou
33%
Vice-Captain of Shohoku
3rd Year in High School
"Glasses"
Small Forward
Kogure Kiminobu
33%
Deliquent & friend of the Main CharacterMito Yohei
33%
Deliquent & friend of the Main CharacterTakamiya Nozomi
33%
Captain of Ryonan
"Boss Monkey"
Center
Uozumi Jun
33%
Member of Ryonan
Unknown Position
"Manager"
Aida Hikoichi
0%
Sister of the "manager" of Ryonan
Reporter
Aida Yayoi
0%
Captain of the Judo Club
Childhood friend of Shohoku's Captain
Aota Tatsuhiko
0%
Member of Shoyo
Small Forward/ Shooting Guard
Hasegawa Kazuchi
0%
Former subordinate of a member of ShohokuHotta Noito
0%
Member of Ryonan
Small Forward/Power Forward
Ikegami Ryoji
0%
Member of Kainan
Guard
Miyamasu Yoshinori
0%
Deliquent & friend of the Main CharacterNoma Chuichiro
0%
Deliquent & friend of the Main CharacterOkusu Yuji
0%
Coach of KainanTakato Riki
0%
Coach of RyonanTaoka Moichi
0%

Score Distribution

Percentile by Number Answered

Percent of People with Each Score

Your Score History

You have not taken this quiz